| 000 | 00587nam a2200181 4500 | ||
|---|---|---|---|
| 999 |
_c189938 _d189938 |
||
| 005 | 20220714163114.0 | ||
| 010 | _aENG-133580 | ||
| 020 |
_c799.00 _a9789353063597 |
||
| 035 | _aEN-117112 | ||
| 037 | _bDBAD/PUB | ||
| 082 | _a001.4226 | ||
| 100 | _aRyan,Lindy | ||
| 245 |
_aVisual Data Storytelling with Tableau/ _cby Lindy Ryan |
||
| 260 |
_aNoida, _bPearson India Education Services _c2018 |
||
| 270 |
_a15thFloor, Tower-B, World Trade Tower, Plot No.1, Block-C, Sector 16 _bNoida _e201301 |
||
| 300 |
_a244p.: _c23m(pbk) _bill. |
||
| 942 |
_2ddc _cEN _h001.4226 _mRYN |
||